The appearance of Airbnb and its impacts on tourism

Bibliográfiai részletek
Szerző: Szalay Eszter
További közreműködők: Kovács dr. Miklós
Dokumentumtípus: Diplomadolgozat
Kulcsszavak:accomodation
Airbnb
hotel industry
impacts
tourism
Online Access:http://dolgozattar.uni-bge.hu/59577

MARC

LEADER 00000nta a2200000 i 4500
001 dolg59577
005 20260409145243.0
008 260409suuuu hu om 000 eng d
040 |a BGE Dolgozattár Repozitórium  |b hun 
041 |a en 
100 1 |a Szalay Eszter 
245 1 4 |a The appearance of Airbnb and its impacts on tourism  |c Szalay Eszter  |h [elektronikus dokumentum] 
520 3 |a My thesis is about the appearance of Airbnb and its impact on tourism. The aim of the thesis is to give an overview of the positive and negative consequences that the new accommodation form Airbnb has had on traditional hotels. I conducted my research using an online questionnaire. 100 people participated in filling it out, which allowed me to draw real results and conclusions on the topic. The target group of my research was mostly 18–25-year-olds, but older age groups also completed the survey. My survey showed that although Airbnb has had a significant impact on the hotel industry, it has not completely taken over the market. Hotels are still a major player in the tourism industry alongside Airbnb. 
695 |a accomodation 
695 |a Airbnb 
695 |a hotel industry 
695 |a impacts 
695 |a tourism 
700 1 |a Kovács dr. Miklós  |e ths 
856 4 0 |u http://dolgozattar.uni-bge.hu/59577/1/The%20appearance%20of%20Airbnb%20and%20its%20impacts%20on%20tourism-Szalay%20Eszter%20-2025.04.29..pdf  |z Dokumentum-elérés 
856 4 0 |u http://dolgozattar.uni-bge.hu/59577/2/2025%20BSc%20Assessment%20Sheet_Szalay_Eszter.pdf  |z Dokumentum-elérés 
856 4 0 |u http://dolgozattar.uni-bge.hu/59577/3/2025%20SZE%20PDF%20BSc%20Assessment%20Sheet.pdf  |z Dokumentum-elérés